Psychological Disorders in Anime Quiz Stats

 Plays Quiz not verified by Sporcle

Score 0/10 Timer 03:00
0 Plays Today
Symptoms/Disorders Character Name % Correct
Asperger's SyndromeL/Near
95.5%
Split PersonalityLucy/Nyu
67.2%
Mood Disorder (Anger and Depression)Sasuke Uchiha
66.4%
SchizophreniaIwakura Lain
30.8%
Borderline Personality DisorderSekai Saionji/Kotonoha Kasura
22.3%
Post Traumatic Stress DisorderKira Yamato
10.1%
Bipolar DisorderAkira Kogami
8.5%
Dissociative AmnesiaYuichi Aizawa
6.5%
Obsessive Compulsive DisorderChiri Kitsu
4.8%
Avoidant Personality Disorder/HallucinationsTsukiko Sagi
2.3%

You're not logged in!

Compare scores with friends on all Sporcle quizzes.
OR
Log In

Show Comments

Extras

Top Quizzes Today


Score Distribution

Your Account Isn't Verified!

In order to create a playlist on Sporcle, you need to verify the email address you used during registration. Go to your Sporcle Settings to finish the process.

Report this User

Report this user for behavior that violates our Community Guidelines.

Details: